A Study Of Socio Cultural Conflict In The Novels Of R.K.Narayan/ (Record no. 211964)

MARC details
000 -LEADER
fixed length control field 00588nam a22001817a 4500
005 - DATE AND TIME OF LATEST TRANSACTION
control field 20250626112044.0
010 ## - LCCN (DPL NO)
LC control number ENG-145574
020 ## - INTERNATIONAL STANDARD BOOK NUMBER
International Standard Book Number 9788171730230
Terms of availability 595.00
035 ## - SYSTEM CONTROL NUMBER
System control number EN-129106
037 ## - SOURCE OF ACQUISITION
Source of stock number/acquisition DBAD
082 ## - DEWEY DECIMAL CLASSIFICATION NUMBER
Classification number 921
100 ## - MAIN ENTRY--PERSONAL NAME
Personal name Yadav, Hari Mohan
245 ## - TITLE STATEMENT
Title A Study Of Socio Cultural Conflict In The Novels Of R.K.Narayan/
Statement of responsibility, etc Hari Mohan Yadav
260 ## - PUBLICATION, DISTRIBUTION, ETC. (IMPRINT)
Place of publication, distribution, etc Delhi
Name of publisher, distributor, etc Durga Publications
Date of publication, distribution, etc 2012
270 ## - ADDRESS
Address E-2/621, Sonia Vihar,
City Delhi
Postal code 110094
Telephone number 22963688
Electronic mail address durgapublications@yahoo.com
300 ## - PHYSICAL DESCRIPTION
Extent 163p.
Dimensions 22cm, (Hb)
942 ## - ADDED ENTRY ELEMENTS (KOHA)
Source of classification or shelving scheme Dewey Decimal Classification
Item type English Books
Classification part 921
Call number suffix YAD
Holdings
Withdrawn status Lost status Not for loan Collection code Home library Current library Date acquired Source of acquisition Cost, normal purchase price Full call number Barcode Copy number Cost, replacement price Koha item type
      Non-fiction Sarojini Nagar Sarojini Nagar 26/06/2025 Delivery of Books Act Division 595.00 921 YAD EN-129106 1 595.00 English Books

© Delhi Public Library
Hit Counter
free hit counter